[Event "Toronto op U1600"]
[Site "Toronto CAN"]
[Date "2014.04.20"]
[Round "5"]
[White "Mourgelas, James"]
[Black "Kurkowski, Ken"]
[Result "1-0"]
[WhiteElo "1350"]
[BlackElo "1479"]
[PlyCount "45"]
[EventDate "2014.04.18"]
[EventType "swiss"]
[EventRounds "6"]
[EventCountry "CAN"]

1. d4 e6 2. c4 Bb4+ 3. Bd2 Bxd2+ 4. Qxd2 Nf6 5. Nc3 d5 6. e3 O-O 7. Nf3 b6 8.
Rc1 Bb7 9. cxd5 exd5 10. Bd3 Nbd7 11. Qc2 c5 12. O-O Rc8 13. Qb1 Qe7 14. Bf5
Rfe8 15. Ne5 g6 16. Bh3 Rcd8 17. Nf3 Ne4 18. Rfd1 Ndf6 19. Ne5 Nxc3 20. bxc3
Ne4 21. Qb5 Qh4 22. Rc2 Rd6 23. Qxe8+ 1-0

[Event "Toronto op U1600"]
[Site "Toronto CAN"]
[Date "2014.04.20"]
[Round "6"]
[White "Bercovici, Mark"]
[Black "Korcsak, Andrei"]
[Result "0-1"]
[WhiteElo "1229"]
[BlackElo "1591"]
[Annotator ",Hugh"]
[PlyCount "52"]
[EventDate "2014.04.18"]
[EventType "swiss"]
[EventRounds "6"]
[EventCountry "CAN"]

1. e4 e5 2. Nc3 Bc5 3. f4 Bxg1 4. Rxg1 Qh4+ 5. g3 Qxh2 6. Rg2 Qh3 7. d4 exf4 8.
Bxf4 d6 9. Qe2 Be6 10. O-O-O Nd7 11. g4 Ngf6 12. Rg3 Qh4 13. Bh3 Nh5 14. gxh5
Qxf4+ 15. Qe3 Qxe3+ 16. Rxe3 Bxh3 17. Rxh3 O-O-O 18. Rf1 f6 19. h6 g6 20. Re3
c6 21. b4 a6 22. d5 Kc7 23. a4 c5 24. a5 cxb4 25. Na4 Rde8 26. Rf4 f5 {.....}
0-1

[Event "Toronto op U1600"]
[Site "Toronto CAN"]
[Date "2014.04.20"]
[Round "6"]
[White "Gangolli, Rahul"]
[Black "England, Max"]
[Result "1-0"]
[WhiteElo "897"]
[BlackElo "1029"]
[PlyCount "93"]
[EventDate "2014.04.18"]
[EventType "swiss"]
[EventRounds "6"]
[EventCountry "CAN"]

1. e4 e5 2. Nf3 Nc6 3. Bc4 Bc5 4. c3 Nf6 5. d4 exd4 6. cxd4 Bb4+ 7. Nc3 Nxe4 8.
O-O Nxc3 9. bxc3 Bxc3 10. Bxf7+ Kxf7 11. Qb3+ d5 12. Qxc3 h6 13. Ba3 Bf5 14.
Rfe1 Be4 15. Ne5+ Nxe5 16. dxe5 Qd7 17. Rad1 Qc6 18. Qh3 Qe6 19. Qc3 Rac8 20.
f3 Bf5 21. g4 Bh7 22. h3 g5 23. Rf1 Bg6 24. f4 gxf4 25. Rxf4+ Kg8 26. Rf6 Qe8
27. Rf8+ Qxf8 28. Bxf8 Kxf8 29. e6 Kg8 30. Rxd5 Rh7 31. Qf6 Rg7 32. Rd8+ Rxd8
33. Qxd8+ Kh7 34. h4 Be4 35. e7 Rxg4+ 36. Kf2 Bc6 37. Qxc7 Rg2+ 38. Ke3 Rg3+
39. Qxg3 Be8 40. Qf4 h5 41. Qb8 Bf7 42. Qxb7 Bxa2 43. e8=Q+ Kh6 44. Qa6+ Kg7
45. Qxa7+ Kf6 46. Qb6+ Kg7 47. Qe7+ 1-0

[Event "Toronto op U1600"]
[Site "Toronto CAN"]
[Date "2014.04.20"]
[Round "6"]
[White "Kurkowski, Ken"]
[Black "Gillis, Doug"]
[Result "1/2-1/2"]
[WhiteElo "1479"]
[BlackElo "1430"]
[PlyCount "52"]
[EventDate "2014.04.18"]
[EventType "swiss"]
[EventRounds "6"]
[EventCountry "CAN"]

1. d4 e6 2. Nf3 Nf6 3. e3 d5 4. Bd3 c5 5. b3 Nc6 6. Bb2 Be7 7. Nbd2 O-O 8. O-O
b6 9. Ne5 Bb7 10. a3 Qc7 11. f4 Nxe5 12. fxe5 Ne4 13. Nxe4 dxe4 14. Bc4 Rad8
15. Qg4 Kh8 16. Rad1 cxd4 17. Bxd4 Bxa3 18. Ra1 Bc5 19. Rxa7 Bxd4 20. exd4 Qb8
21. Raa1 Rxd4 22. Qf4 Rdd8 23. Rf2 h6 24. Raf1 Qc7 25. Qg3 Qc5 26. Kh1 Qe7
1/2-1/2

[Event "Toronto op U1600"]
[Site "Toronto CAN"]
[Date "2014.04.20"]
[Round "6"]
[White "Mendoza, Armand"]
[Black "Gryn, Maksym"]
[Result "0-1"]
[WhiteElo "1553"]
[BlackElo "1445"]
[PlyCount "68"]
[EventDate "2014.04.18"]
[EventType "swiss"]
[EventRounds "6"]
[EventCountry "CAN"]

1. e4 e5 2. Nf3 Nc6 3. Bc4 Nf6 4. Nc3 Bb4 5. O-O O-O 6. Re1 d6 7. d3 Bg4 8. a3
Ba5 9. b4 Bb6 10. Ne2 Bxf3 11. gxf3 Nh5 12. Rf1 Qh4 13. Kg2 Kh8 14. c3 f5 15.
exf5 Rxf5 16. Ng3 Nf4+ 17. Bxf4 Rxf4 18. Bd5 Ne7 19. Be6 Raf8 20. Bg4 g6 21.
Rg1 h5 22. Bd7 Rxf3 23. Qxf3 Rxf3 24. Kxf3 Qf4+ 25. Kg2 Qxf2+ 26. Kh3 Qe3 27.
Rgf1 Nd5 28. Kh4 Qxd3 29. Rad1 Qc4+ 30. Kg5 Be3+ 31. Kxg6 Nf4+ 32. Kf6 Qg8 33.
Rxf4 Bxf4 34. Nf5 Bg5# 0-1

[Event "Toronto op U1600"]
[Site "Toronto CAN"]
[Date "2014.04.20"]
[Round "6"]
[White "Pirri, Daniele"]
[Black "Pamwar, Manish"]
[Result "0-1"]
[WhiteElo "1472"]
[BlackElo "1075"]
[PlyCount "75"]
[EventDate "2014.04.18"]
[EventType "swiss"]
[EventRounds "6"]
[EventCountry "CAN"]

1. d4 d5 2. c4 e6 3. Nc3 Nf6 4. Bf4 Be7 5. Nf3 b6 6. e3 O-O 7. Bd3 dxc4 8. Bxc4
Bb7 9. O-O Nbd7 10. Rc1 c5 11. dxc5 Nxc5 12. Be2 Qxd1 13. Rfxd1 Nd5 14. Nxd5
Bxd5 15. b4 Ne4 16. a3 a5 17. bxa5 Rxa5 18. Ne5 Bxa3 19. Rc7 b5 20. f3 Nf6 21.
e4 Bb3 22. Rb1 Ba4 23. Nc6 Ra6 24. Bxb5 Rb6 25. Nd4 Rd8 26. Rc4 Rxd4 27. Rc8+
Bf8 28. Ra1 Rxb5 29. Kf2 g5 30. Be3 Rb2+ 31. Ke1 Rdb4 32. Rac1 Kg7 33. Bd2 Rd4
34. Bc3 Bb4 35. Kf1 Bxc3 36. R8xc3 Bb5+ 37. Ke1 Re2+ 38. Kf1 0-1

[Event "Toronto op U1600"]
[Site "Toronto CAN"]
[Date "2014.04.20"]
[Round "6"]
[White "Velazquez, Alex"]
[Black "Vettese, Steve"]
[Result "1-0"]
[WhiteElo "1250"]
[BlackElo "828"]
[PlyCount "35"]
[EventDate "2014.04.18"]
[EventType "swiss"]
[EventRounds "6"]
[EventCountry "CAN"]

1. c4 e5 2. Nc3 Nc6 3. e3 Bc5 4. g3 b6 5. Bg2 Bb7 6. Nge2 Nf6 7. a3 a5 8. d4
exd4 9. exd4 Be7 10. Nb5 d6 11. O-O O-O 12. Re1 Qd7 13. Bg5 Ne4 14. Bxe7 Qxe7
15. Nf4 Nd8 16. d5 Re8 17. Bxe4 c6 18. Bxh7+ 1-0

[Event "Toronto op U2200"]
[Site "Toronto CAN"]
[Date "2014.04.18"]
[Round "1"]
[White "Lei, Sean"]
[Black "Wing, Richard"]
[Result "1-0"]
[WhiteElo "1961"]
[BlackElo "1629"]
[PlyCount "93"]
[EventDate "2014.04.18"]
[EventType "swiss"]
[EventRounds "6"]
[EventCountry "CAN"]

1. d4 f5 2. Nf3 Nf6 3. e3 e6 4. Bd3 d5 5. O-O Bd6 6. c4 c6 7. b3 O-O 8. Ba3 Qe7
9. Bxd6 Qxd6 10. Nc3 Ne4 11. Ne2 Nd7 12. a3 Ndf6 13. Ne5 Ng4 14. Nxg4 fxg4 15.
Bxe4 dxe4 16. Ng3 Qe7 17. Qxg4 b6 18. Qxe4 Bb7 19. Qe5 Rad8 20. b4 Qd7 21. Rac1
Qe8 22. f4 Rf6 23. Nh5 Rg6 24. Ng3 Qd7 25. c5 Qe8 26. Qe4 Rg4 27. Qf3 Qg6 28.
Ne4 Ba6 29. Rf2 Bb5 30. Nd6 Ba4 31. f5 exf5 32. Qxf5 Qxf5 33. Rxf5 Rd7 34. Rcf1
h6 35. Rf8+ Kh7 36. R1f7 Rxf7 37. Rxf7 bxc5 38. bxc5 Bb3 39. Rxa7 Bd5 40. g3 h5
41. Re7 h4 42. Kf2 h3 43. e4 Bb3 44. Re5 g6 45. Ne8 Kh6 46. Nf6 Rg5 47. Re7 1-0

[Event "Toronto op U2200"]
[Site "Toronto CAN"]
[Date "2014.04.18"]
[Round "1"]
[White "Noritsyn, Sergey"]
[Black "Posaratnanathan, Juliaan"]
[Result "1/2-1/2"]
[WhiteElo "2073"]
[BlackElo "1930"]
[PlyCount "74"]
[EventDate "2014.04.18"]
[EventType "swiss"]
[EventRounds "6"]
[EventCountry "CAN"]

1. e4 c5 2. Nf3 d6 3. c3 Nf6 4. h3 g6 5. Bd3 Bg7 6. Bc2 O-O 7. O-O Nc6 8. d4
cxd4 9. cxd4 Bd7 10. Nc3 Rc8 11. Qe2 Qc7 12. Rd1 a6 13. e5 Ne8 14. Nd5 Qa5 15.
Bb3 Be6 16. Bd2 Qd8 17. Bc3 Bxd5 18. Bxd5 Nc7 19. Bb3 d5 20. h4 e6 21. Bc2 h5
22. Ng5 Nb5 23. g4 Bh6 24. f4 hxg4 25. a4 Nbxd4 26. Bxd4 Nxd4 27. Rxd4 Qb6 28.
Rad1 Rc4 29. Qf2 g3 30. Qd2 Rfc8 31. Bxg6 fxg6 32. Nf3 Rf8 33. Qd3 Kg7 34. h5
gxh5 35. Kg2 Rxd4 36. Nxd4 Bxf4 37. Qe2 Kg6 1/2-1/2

[Event "Toronto op U2200"]
[Site "Toronto CAN"]
[Date "2014.04.18"]
[Round "1"]
[White "Oliviera, Rodrigo"]
[Black "Bergenstam, Olof"]
[Result "0-1"]
[WhiteElo "2077"]
[BlackElo "1932"]
[PlyCount "81"]
[EventDate "2014.04.18"]
[EventType "swiss"]
[EventRounds "6"]
[EventCountry "CAN"]

1. d4 d6 2. Nf3 Nf6 3. Bf4 g6 4. e3 Bg7 5. Be2 Na6 6. O-O O-O 7. Nbd2 c5 8. c3
b6 9. h3 Bb7 10. a4 Nc7 11. Qb1 Qd7 12. Rd1 Bc6 13. a5 Rfb8 14. Nc4 Ncd5 15.
axb6 Nxf4 16. exf4 axb6 17. dxc5 Rxa1 18. Qxa1 bxc5 19. Nfe5 Qc7 20. Nxc6 Qxc6
21. Qa7 Qb7 22. Qxb7 Rxb7 23. Bf3 Ra7 24. g3 Nd7 25. Kg2 Kf8 26. Re1 Nb8 27.
Re2 Ra1 28. Rc2 Ke8 29. b4 Na6 30. b5 Nb8 31. b6 Kd7 32. b7 e6 33. Nb6+ Kd8 34.
c4 Rb1 35. Nc8 Kc7 36. Na7 Kb6 37. Nc8+ Kc7 38. Na7 Kd7 39. Nc8 Nc6 40. Rd2 Nd4
41. Na7 0-1

[Event "Toronto op U2200"]
[Site "Toronto CAN"]
[Date "2014.04.18"]
[Round "2"]
[White "Docheshmeh, Amir Mohammad"]
[Black "Stefanovic, Miroslav"]
[Result "1-0"]
[WhiteElo "1636"]
[BlackElo "2044"]
[PlyCount "75"]
[EventDate "2014.04.18"]
[EventType "swiss"]
[EventRounds "6"]
[EventCountry "CAN"]

1. d4 Nf6 2. Bf4 e6 3. Nf3 b6 4. e3 Bb7 5. Be2 Nh5 6. Bg5 Be7 7. Bxe7 Qxe7 8.
O-O O-O 9. c4 d6 10. Nc3 Nd7 11. Nd2 Nhf6 12. Bf3 d5 13. Rc1 c5 14. dxc5 Nxc5
15. cxd5 exd5 16. Nb3 Rac8 17. Nxc5 Rxc5 18. Qb3 Ba6 19. Rfd1 Bc4 20. Qa3 Qd7
21. b3 Bb5 22. Nxb5 Rxb5 23. h3 Rd8 24. Rc2 Ra5 25. Qb2 Rc5 26. Rcd2 Qf5 27.
Qd4 Re8 28. Qa4 Ra5 29. Qc6 Rc8 30. Qb7 Rd8 31. b4 Ra4 32. Bxd5 Re8 33. Bb3 Ne4
34. Bxa4 Nxd2 35. Rxd2 Qb1+ 36. Bd1 Qxb4 37. Re2 Qc4 38. Qd7 1-0

[Event "Toronto op U2200"]
[Site "Toronto CAN"]
[Date "2014.04.18"]
[Round "2"]
[White "Kaneshalingam, Mathanhe"]
[Black "Kim, Yongjoo"]
[Result "0-1"]
[WhiteElo "1557"]
[BlackElo "2015"]
[PlyCount "98"]
[EventDate "2014.04.18"]
[EventType "swiss"]
[EventRounds "6"]
[EventCountry "CAN"]

1. d4 d5 2. Nf3 Nf6 3. e3 Bg4 4. c4 c6 5. Qb3 Qb6 6. Nbd2 e6 7. Ne5 Bf5 8. Qxb6
axb6 9. a3 Bd6 10. cxd5 exd5 11. Be2 h5 12. Nd3 Nbd7 13. O-O Ng4 14. h3 Ngf6
15. Nf3 Ne4 16. Nd2 Ndf6 17. Nxe4 Nxe4 18. Ne1 O-O-O 19. Nf3 g5 20. Nd2 g4 21.
Nxe4 dxe4 22. h4 Be7 23. g3 Be6 24. b4 b5 25. Bb2 Bd5 26. Rac1 Kd7 27. Rc3 Ra8
28. Kh2 Rac8 29. Rg1 Bd6 30. Rgc1 Rc7 31. Bf1 Kc8 32. Be2 b6 33. Bf1 Kb7 34.
R3c2 Bb3 35. Rc3 Ba4 36. Bg2 f5 37. Bf1 Rhc8 38. Be2 c5 39. bxc5 bxc5 40. Bf1
cxd4 41. Rxc7+ Rxc7 42. Rxc7+ Kxc7 43. exd4 Kc6 44. Bg2 Kd5 45. Kg1 Kc4 46. Kf1
Kb3 47. Bc1 Kc2 48. Bg5 Bxa3 49. Ke2 Bc1 0-1

[Event "Toronto op U2200"]
[Site "Toronto CAN"]
[Date "2014.04.18"]
[Round "2"]
[White "Manalo, Pepin"]
[Black "Noritsyn, Sergey"]
[Result "0-1"]
[WhiteElo "1919"]
[BlackElo "2073"]
[PlyCount "97"]
[EventDate "2014.04.18"]
[EventType "swiss"]
[EventRounds "6"]
[EventCountry "CAN"]

1. e4 c5 2. Nf3 d6 3. Bb5+ Bd7 4. Qe2 a6 5. Bxd7+ Qxd7 6. c3 e6 7. d4 cxd4 8.
cxd4 d5 9. e5 Bb4+ 10. Nc3 Ne7 11. O-O O-O 12. a3 Bxc3 13. bxc3 Nbc6 14. a4 Na5
15. Nd2 Rac8 16. Ra3 Nc4 17. Ra2 Nb6 18. Qd3 Nxa4 19. Rc2 Qb5 20. Qf3 Nf5 21.
Qg4 Nxc3 22. Nf3 Ne2+ 23. Rxe2 Qxe2 24. Ba3 Rfe8 25. Re1 Qd3 26. Bc5 Rc6 27.
Qh5 g6 28. Qg5 h6 29. Qf4 b6 30. Bd6 Rc4 31. g4 Nxd4 32. Nxd4 Rxd4 33. Qg3
Qxg3+ 34. hxg3 Rxg4 35. Ra1 a5 36. Rb1 a4 37. Rxb6 Ra8 38. Ba3 Rc4 39. Rb1 Rc3
40. Ra1 d4 41. Kf1 Rb8 42. Bd6 Ra8 43. Ba3 Rb3 44. Ke2 Rc8 45. Bc1 d3+ 46. Kd1
Rc2 47. Bxh6 a3 48. Bg5 a2 49. Be3 0-1

[Event "Toronto op U2200"]
[Site "Toronto CAN"]
[Date "2014.04.18"]
[Round "2"]
[White "Wiebe, Daniel"]
[Black "Lei, Sean"]
[Result "1-0"]
[WhiteElo "2094"]
[BlackElo "1961"]
[PlyCount "33"]
[EventDate "2014.04.18"]
[EventType "swiss"]
[EventRounds "6"]
[EventCountry "CAN"]

1. e4 e5 2. Nf3 Nf6 3. Nxe5 d6 4. Nf3 Nxe4 5. Nc3 Nxc3 6. dxc3 Be7 7. Bd3 Nc6
8. Be3 Ne5 9. Nxe5 dxe5 10. Qh5 Bf6 11. O-O-O Qe7 12. f4 e4 13. Bc5 Qe6 14.
Bxe4 g6 15. Qf3 Bd7 16. Bxb7 Qxa2 17. Rhe1+ 1-0

[Event "Toronto op U2200"]
[Site "Toronto CAN"]
[Date "2014.04.18"]
[Round "2"]
[White "Wing, Richard"]
[Black "Bergenstam, Olof"]
[Result "0-1"]
[WhiteElo "1629"]
[BlackElo "1932"]
[PlyCount "66"]
[EventDate "2014.04.18"]
[EventType "swiss"]
[EventRounds "6"]
[EventCountry "CAN"]

1. f4 Nf6 2. b3 d5 3. Bb2 c5 4. e3 Nc6 5. Bb5 Qb6 6. Bxc6+ Qxc6 7. Nf3 Bg4 8.
h3 Bxf3 9. Qxf3 g6 10. O-O Bg7 11. d3 O-O 12. Na3 e6 13. c4 Rac8 14. Nb5 Qb6
15. e4 Rfd8 16. e5 Ne8 17. a4 Nc7 18. a5 Qa6 19. Nd6 Rb8 20. d4 cxd4 21. Bxd4
Rxd6 22. exd6 Bxd4+ 23. Kh1 Qxd6 24. Ra2 Qb4 25. Rc1 dxc4 26. bxc4 Qc5 27. Qd3
Rd8 28. Rb1 Bf6 29. Qe2 Rd4 30. Rxb7 Rxc4 31. Qf3 Nd5 32. g3 Rc1+ 33. Kh2 Qg1#
0-1

[Event "Toronto op U2200"]
[Site "Toronto CAN"]
[Date "2014.04.19"]
[Round "3"]
[White "Agbabishvili, Lali"]
[Black "Wiebe, Daniel"]
[Result "1-0"]
[WhiteElo "2046"]
[BlackElo "2094"]
[PlyCount "73"]
[EventDate "2014.04.18"]
[EventType "swiss"]
[EventRounds "6"]
[EventCountry "CAN"]

1. c4 Nf6 2. g3 g6 3. Bg2 d5 4. cxd5 Nxd5 5. Nc3 Nxc3 6. bxc3 Bg7 7. Nf3 O-O 8.
O-O Nd7 9. Qc2 Nb6 10. d3 Bd7 11. Bf4 Bc6 12. e4 Bb5 13. d4 Bxf1 14. Rxf1 Qc8
15. Rd1 c5 16. d5 c4 17. h4 Qd7 18. Be5 Bxe5 19. Nxe5 Qd6 20. Ng4 h5 21. Ne3 e6
22. Rd4 e5 23. Rd1 Rac8 24. Rb1 Rc5 25. Bf1 Rfc8 26. Rb4 Qd7 27. Kh2 R8c7 28.
Qd2 Qd6 29. Qb2 Kg7 30. Be2 Qd7 31. Qa3 Rb5 32. Rxb5 Qxb5 33. Qd6 Rc8 34. Qxe5+
Kg8 35. Kg2 Qb2 36. Bxh5 gxh5 37. Nf5 1-0

[Event "Toronto op U2200"]
[Site "Toronto CAN"]
[Date "2014.04.19"]
[Round "3"]
[White "Bergenstam, Olof"]
[Black "Yu, Jonathan"]
[Result "0-1"]
[WhiteElo "1932"]
[BlackElo "2092"]
[PlyCount "72"]
[EventDate "2014.04.18"]
[EventType "swiss"]
[EventRounds "6"]
[EventCountry "CAN"]

1. d4 e6 2. c4 Nf6 3. Nc3 Bb4 4. e3 O-O 5. a3 Bxc3+ 6. bxc3 d6 7. Bd3 e5 8. e4
Qe8 9. Bg5 Nxe4 10. Bxe4 exd4 11. Qe2 dxc3 12. Nf3 Nc6 13. O-O h6 14. Bh4 Bf5
15. Bd3 Qxe2 16. Bxe2 Rae8 17. Rfe1 Re4 18. Rac1 c2 19. Bd3 Rxe1+ 20. Nxe1 Bxd3
21. Nxd3 Nd4 22. Kf1 Re8 23. Ne1 Re2 24. Nf3 Nxf3 25. gxf3 Rd2 26. Ke1 Rd4 27.
Bd8 Rxc4 28. Kd2 c5 29. Be7 d5 30. Rxc2 Rd4+ 31. Ke3 b6 32. Rd2 Ra4 33. Rxd5
Rxa3+ 34. Rd3 Ra1 35. Rd8+ Kh7 36. Ra8 Re1+ 0-1

[Event "Toronto op U2200"]
[Site "Toronto CAN"]
[Date "2014.04.19"]
[Round "3"]
[White "Evans, Bill"]
[Black "Oganesyan, Hayk"]
[Result "0-1"]
[WhiteElo "2007"]
[BlackElo "1946"]
[PlyCount "70"]
[EventDate "2014.04.18"]
[EventType "swiss"]
[EventRounds "6"]
[EventCountry "CAN"]

1. d4 Nf6 2. Nf3 c5 3. d5 e6 4. c4 exd5 5. cxd5 d6 6. Nc3 g6 7. e4 a6 8. a4 Bg4
9. Qb3 Bxf3 10. gxf3 Qc7 11. Bf4 Nbd7 12. Be2 Bg7 13. Bg3 O-O 14. O-O Nh5 15.
f4 Nxg3 16. hxg3 Rfe8 17. Bf3 b6 18. Qc4 Qb7 19. Kg2 Rab8 20. e5 b5 21. axb5
axb5 22. Qb3 dxe5 23. Ne4 Qb6 24. d6 exf4 25. Nc3 Bxc3 26. Qxc3 Qxd6 27. Rfd1
Qc7 28. Ra6 Ne5 29. Bd5 fxg3 30. Qxg3 Rb6 31. Rxb6 Qxb6 32. f4 Nc4 33. Bxc4
bxc4 34. Qc3 Qc6+ 35. Kg3 Qe4 0-1

[Event "Toronto op U2200"]
[Site "Toronto CAN"]
[Date "2014.04.19"]
[Round "3"]
[White "Kim, Yongjoo"]
[Black "Oliveira, Rodrigo"]
[Result "1-0"]
[WhiteElo "2015"]
[BlackElo "2077"]
[PlyCount "93"]
[EventDate "2014.04.18"]
[EventType "swiss"]
[EventRounds "6"]
[EventCountry "CAN"]

1. d4 Nf6 2. c4 g6 3. Nc3 d6 4. e4 Bg7 5. Nf3 Bg4 6. Be2 Bxf3 7. Bxf3 Nc6 8.
Be3 e5 9. d5 Nb8 10. Qc2 Nbd7 11. Rc1 a5 12. a3 O-O 13. b4 axb4 14. axb4 Ne8
15. c5 f5 16. c6 Nb6 17. Nb5 bxc6 18. Qxc6 Rf7 19. exf5 gxf5 20. Bh5 Re7 21.
Bxe8 Qxe8 22. Bxb6 cxb6 23. O-O Rd8 24. Qxe8+ Rexe8 25. Rc6 Bf8 26. Nc7 Re7 27.
Ne6 Rxe6 28. dxe6 Kg7 29. Rc7+ Kf6 30. Rxh7 Kxe6 31. Rb7 d5 32. Rxb6+ Bd6 33.
Ra1 d4 34. Raa6 Kd5 35. Rxd6+ Rxd6 36. Rxd6+ Kxd6 37. h4 e4 38. g3 Ke5 39. Kf1
f4 40. gxf4+ Kxf4 41. h5 d3 42. Ke1 Kf3 43. h6 d2+ 44. Kxd2 Kxf2 45. h7 e3+ 46.
Kd3 e2 47. h8=Q 1-0

[Event "Toronto op U2200"]
[Site "Toronto CAN"]
[Date "2014.04.19"]
[Round "3"]
[White "Lei, Sean"]
[Black "Kaneshalingam, Mathanhe"]
[Result "1-0"]
[WhiteElo "1961"]
[BlackElo "1557"]
[PlyCount "69"]
[EventDate "2014.04.18"]
[EventType "swiss"]
[EventRounds "6"]
[EventCountry "CAN"]

1. d4 d5 2. Nf3 Nf6 3. e3 c6 4. Bd3 Nbd7 5. b3 e6 6. Bb2 Be7 7. Nbd2 b6 8. Ne5
Bb7 9. f4 Qc7 10. O-O h5 11. Ndf3 Nxe5 12. fxe5 Nd7 13. Nd2 g6 14. Rf3 Rh7 15.
Qf1 Nf8 16. Qf2 Bg5 17. a4 O-O-O 18. a5 Kb8 19. Qe2 b5 20. Bc3 Be7 21. Qf2 b4
22. Bb2 Bg5 23. Ra4 Qe7 24. Nf1 Nd7 25. Qe1 Rdh8 26. a6 Nb6 27. Rxb4 Bc8 28.
Qd2 h4 29. c4 Bxa6 30. c5 Bxd3 31. Qxd3 Ka8 32. Qa6 f5 33. Rxb6 h3 34. Rxc6
hxg2 35. Rc8+ 1-0

[Event "Toronto op U2200"]
[Site "Toronto CAN"]
[Date "2014.04.19"]
[Round "3"]
[White "Michelashvili, Alexandre"]
[Black "Manalo, Pepin"]
[Result "1-0"]
[WhiteElo "2000"]
[BlackElo "1919"]
[PlyCount "81"]
[EventDate "2014.04.18"]
[EventType "swiss"]
[EventRounds "6"]
[EventCountry "CAN"]

1. e4 e6 2. d4 d5 3. e5 c5 4. c3 Nc6 5. Nf3 Bd7 6. Be2 Rc8 7. O-O Nge7 8. Na3
Ng6 9. Re1 cxd4 10. cxd4 Bb4 11. Bd2 Bxa3 12. bxa3 Nh4 13. Be3 O-O 14. Bd3
Nxf3+ 15. Qxf3 Qh4 16. g3 Nxd4 17. Qd1 Ba4 18. Bxd4 Bxd1 19. gxh4 Bg4 20. Rac1
Ra8 21. Rc7 b6 22. Rec1 Rfb8 23. Ba6 Rd8 24. Re7 h6 25. Rcc7 Bh5 26. Rxa7 Rxa7
27. Rxa7 Rb8 28. Kg2 Bg6 29. a4 Kh7 30. Bb7 Bb1 31. a3 Kg6 32. Bxb6 Kh5 33. a5
d4 34. Bf3+ Kxh4 35. Bxd4 Bg6 36. a6 Rb3 37. Rb7 Rxa3 38. a7 Bf5 39. Kf1 Bd3+
40. Ke1 Bg6 41. Rb4 1-0

[Event "Toronto op U2200"]
[Site "Toronto CAN"]
[Date "2014.04.19"]
[Round "3"]
[White "Noritsyn, Sergey"]
[Black "Docheshmeh, Amir Mohammad"]
[Result "1-0"]
[WhiteElo "2073"]
[BlackElo "1636"]
[PlyCount "100"]
[EventDate "2014.04.18"]
[EventType "swiss"]
[EventRounds "6"]
[EventCountry "CAN"]

1. e4 e5 2. Nf3 Nc6 3. d4 exd4 4. Nxd4 Bc5 5. Nb3 Bb6 6. Bd3 Nge7 7. O-O O-O 8.
Nc3 d6 9. Kh1 Be6 10. Qe2 Nb4 11. Bg5 Nxd3 12. Qxd3 f6 13. Be3 Bxe3 14. Qxe3
Nc6 15. f4 Qe7 16. Rae1 Nb4 17. Rf2 Nc6 18. Nd4 Nxd4 19. Qxd4 Qf7 20. a3 a6 21.
f5 Bd7 22. Rf3 Rfe8 23. Qf2 Bc6 24. Rh3 Re5 25. Qh4 h6 26. Rg3 Kh7 27. Rg6 Rae8
28. Qh5 Qf8 29. Re3 R8e7 30. Rh3 Be8 31. g4 Bxg6 32. Qxg6+ Kh8 33. Nd5 Rd7 34.
Nxf6 Qxf6 35. Rxh6+ Kg8 36. Qh7+ Kf7 37. Rxf6+ Kxf6 38. Qg6+ Ke7 39. Qxg7+ Kd8
40. Qf8+ Re8 41. Qf6+ Kc8 42. Qd4 Rh7 43. Qe3 Rh4 44. Qf3 Rg8 45. h3 Kd7 46. f6
Rgh8 47. Kg2 Ke6 48. Qf5+ Kf7 49. g5 Rg8 50. Kg3 Rh5 1-0

[Event "Toronto op U2200"]
[Site "Toronto CAN"]
[Date "2014.04.19"]
[Round "4"]
[White "Kaneshalingam, Mathanhe"]
[Black "Bergenstam, Olof"]
[Result "1/2-1/2"]
[WhiteElo "1557"]
[BlackElo "1932"]
[PlyCount "49"]
[EventDate "2014.04.18"]
[EventType "swiss"]
[EventRounds "6"]
[EventCountry "CAN"]

1. d4 Nf6 2. Nf3 e6 3. e3 b6 4. Bd3 Bb7 5. Nbd2 d5 6. b3 Be7 7. Bb2 O-O 8. Ne5
c5 9. f4 Nc6 10. O-O Rc8 11. Rf3 Nb4 12. a3 Nxd3 13. cxd3 Nd7 14. Nxd7 Qxd7 15.
Rh3 g6 16. Nf3 Qd8 17. Qe1 Bf6 18. Ne5 Kg7 19. Qf2 Bxe5 20. dxe5 d4 21. e4 f5
22. exf6+ Qxf6 23. Rf3 Rf7 24. Qd2 Rfc7 25. a4 1/2-1/2

[Event "Toronto op U2200"]
[Site "Toronto CAN"]
[Date "2014.04.19"]
[Round "4"]
[White "Kim, Yongjoo"]
[Black "Agbabishvili, Lali"]
[Result "1-0"]
[WhiteElo "2015"]
[BlackElo "2046"]
[PlyCount "99"]
[EventDate "2014.04.18"]
[EventType "swiss"]
[EventRounds "6"]
[EventCountry "CAN"]

1. d4 Nf6 2. c4 g6 3. Nc3 Bg7 4. e4 d6 5. Nf3 O-O 6. Be2 e5 7. O-O Nc6 8. d5
Ne7 9. a4 h6 10. Nd2 Nd7 11. b4 f5 12. Qc2 f4 13. Bg4 Nf6 14. Bxc8 Rxc8 15. c5
g5 16. Ra3 g4 17. Ne2 Ng6 18. Rc3 Rb8 19. Ba3 Ne8 20. Rc1 Nh4 21. cxd6 cxd6 22.
Rc8 Rxc8 23. Qxc8 Qg5 24. Nc4 Nxg2 25. Kxg2 f3+ 26. Kg1 fxe2 27. Ne3 Qf4 28.
Nf5 Qxe4 29. Ne7+ Kh7 30. Re1 Qf3 31. Qc2+ e4 32. Rxe2 Nf6 33. Bb2 Qd3 34. Nf5
Bh8 35. Qc1 Ng8 36. Rd2 Bxb2 37. Qxb2 Rxf5 38. Rxd3 exd3 39. Qd4 Kg6 40. Qxd3
Nf6 41. Kf1 Nxd5 42. b5 b6 43. Qe4 Kg5 44. Qe6 Nf4 45. Qxd6 Rd5 46. Qe7+ Kf5
47. Qf8+ Ke4 48. Qe7+ Kf5 49. f3 gxf3 50. Kf2 1-0

[Event "Toronto op U2200"]
[Site "Toronto CAN"]
[Date "2014.04.19"]
[Round "4"]
[White "Noorali, Aahil"]
[Black "Lei, Sean"]
[Result "0-1"]
[WhiteElo "1666"]
[BlackElo "1961"]
[PlyCount "108"]
[EventDate "2014.04.18"]
[EventType "swiss"]
[EventRounds "6"]
[EventCountry "CAN"]

1. e4 c5 2. Nf3 d6 3. d4 cxd4 4. Nxd4 Nf6 5. Nc3 a6 6. Bd3 e5 7. Nf3 Nc6 8. Be3
Be6 9. O-O Be7 10. Re1 Ng4 11. Qd2 Nxe3 12. Qxe3 Rc8 13. a3 b5 14. b4 Nd4 15.
Nd5 Bxd5 16. exd5 Nxc2 17. Bxc2 Rxc2 18. Qd3 Qc7 19. Qe3 Rc3 20. Qd2 O-O 21.
Rec1 Rc8 22. Rxc3 Qxc3 23. Qxc3 Rxc3 24. Ne1 Rc4 25. Rd1 f5 26. Kf1 Bf6 27. Ke2
e4 28. Rd2 Kf7 29. g3 Bc3 30. Rd1 Bb2 31. Ng2 Bxa3 32. Ne3 Rxb4 33. Nxf5 Rb2+
34. Kf1 Bc5 35. Nd4 a5 36. Ne2 a4 37. Ra1 a3 38. Ke1 Bb4+ 39. Kf1 a2 40. Nc1
Rb1 41. Rxa2 Rxc1+ 42. Ke2 Bc5 43. Rb2 b4 44. Ra2 b3 45. Rb2 Rc2+ 46. Rxc2 bxc2
47. Kd2 Bxf2 48. Kxc2 e3 49. Kd3 Kf6 50. Ke2 Ke5 51. g4 Kxd5 52. h3 Ke4 53. Kf1
Kf3 54. g5 e2# 0-1

[Event "Toronto op U2200"]
[Site "Toronto CAN"]
[Date "2014.04.19"]
[Round "4"]
[White "Oganesyan, Hayk"]
[Black "Noritsyn, Sergey"]
[Result "1/2-1/2"]
[WhiteElo "1946"]
[BlackElo "2073"]
[PlyCount "118"]
[EventDate "2014.04.18"]
[EventType "swiss"]
[EventRounds "6"]
[EventCountry "CAN"]

1. e4 c5 2. Nf3 d6 3. d4 cxd4 4. Nxd4 Nf6 5. Nc3 a6 6. Bg5 e6 7. f4 h6 8. Bh4
Be7 9. Qf3 Nc6 10. O-O-O Qb6 11. Bf2 Nxd4 12. Bxd4 Qc6 13. g4 e5 14. h3 exd4
15. Rxd4 b5 16. Bg2 Bb7 17. h4 Rc8 18. Rd2 Qc4 19. Kb1 b4 20. Nd5 Nxd5 21. exd5
Kd7 22. g5 Kc7 23. Re1 Rhe8 24. Rde2 Kd8 25. f5 hxg5 26. hxg5 f6 27. gxf6 gxf6
28. Qf2 Qc5 29. Qf3 a5 30. Qd3 Kd7 31. Bf3 Bf8 32. Re6 Ba6 33. Qe4 Rxe6 34.
fxe6+ Kc7 35. e7 Bxe7 36. Qxe7+ Kb8 37. Be4 Rg8 38. b3 Rg1 39. Rxg1 Qxg1+ 40.
Kb2 Qd4+ 41. Kb1 Qe5 42. Qd8+ Kb7 43. Qd7+ Kb6 44. Qc6+ Ka7 45. Qc7+ Bb7 46.
Qxa5+ Kb8 47. Qxb4 f5 48. Bd3 Kc8 49. c4 f4 50. Qd2 f3 51. Qf2 Qf4 52. Kc2 Kc7
53. a4 Bc8 54. a5 Qg4 55. Qb6+ Kd7 56. Qc6+ Ke7 57. Qc7+ Bd7 58. c5 Qg2+ 59.
Kc3 Qg7+ 1/2-1/2